Storm Fullbacks Since 2010 - Statistics

General Stats
  • This quiz has been taken 2 times
  • The average score is 6 of 16
Answer Stats
First Last Total APP Answer % Correct
2003 2018 311 Billy Slater
100%
2014 2025 53 Cameron Munster
50%
2010 2012 6 Gareth Widdop
50%
2017 2019 24 Jahrome Hughes
50%
2012 2012 1 Matthew Duffie
50%
2019 2021 19 Nicho Hynes
50%
2022 2025 41 Nick Meaney
50%
2019 2025 93 Ryan Papenhuyzen
50%
2018 2018 1 Scott Drinkwater
50%
2024 2026 10 Sua Fa'alogo
50%
2022 2022 1 Tyran Wishart
50%
2011 2011 1 Beau Champion
0%
2013 2013 1 Ben Hampton
0%
2010 2013 3 Justin O'Neill
0%
2014 2014 2 Kurt Mann
0%
2016 2016 3 Yee-Huang Tonumaipea
0%
No matching quizzes found
Score Distribution
Percent of People with Each Score
Percentile by Number Answered
Your Score History
You have not taken this quiz